Drobná próza 1 Rybářská knížka. Hercegovina. Vzpomínky

Bibliographic Details
Main Author: Mahen, Jiří, 1882-1939 (Author)
Format: Book
Language:Czech
PhysicalDescription:277 s.
Published: Praha Československý spisovatel 1953
Edition:1. vyd.
Series:Dílo Jiřího Mahena
Subjects:

MARC

LEADER 00000nam a2200000 a 4500
001 vtls009453983
003 SK-MaSNL
005 20260301024455.0
008 240313s1953 xr g 000 j cze
040 |a SNK  |b slo  |c SNK  |e AACR2 
041 0 |a cze 
044 |a xr  |c CZ 
080 |a 821.162.3-32  |2 2011 
100 1 |a Mahen, Jiří,  |d 1882-1939  |4 aut  |9 107624 
245 1 0 |a Drobná próza  |n 1  |p Rybářská knížka. Hercegovina. Vzpomínky  |c Jiří Mahen 
250 |a 1. vyd. 
260 |a Praha  |b Československý spisovatel  |c 1953 
300 |a 277 s. 
490 1 |a Dílo Jiřího Mahena  |v sv. 2 
655 7 |a české poviedky  |2 SNKPH  |9 70599 
655 7 |a české prózy  |2 SNKPH  |9 70754 
740 0 2 |a Rybářská knížka 
740 0 2 |a Hercegovina 
740 0 2 |a Vzpomínky 
830 0 |a Dílo Jiřího Mahena  |9 318587 
852 |a Štátna vedecká knižnica v Banskej Bystrici 
999 |c 571203  |d 573133 
952 |a SNK  |b SNK  |y VYP  |7 0  |p 17A0606318  |o snkIC 9701/2  |i snk2107/53  |3 rekatalogizácia  |0 0  |1 0  |4 0  |d 2008-12-10  |l 0  |r 2026-02-23 14:15:22  |w 2026-02-23